[Event "Coronel Oviedo Friedmann Cup"]
[Site "Coronel Oviedo"]
[Date "2023.07.16"]
[Round "5"]
[White "Santacruz Marin, Derlis"]
[Black "Lopez Jara, Isaias Ariel"]
[Result "1-0"]
[WhiteElo "1309"]
[BlackElo "1003"]
[PlyCount "23"]
[EventDate "2023.07.14"]
[EventType "swiss"]
[EventRounds "7"]
[EventCountry "PAR"]
[SourceTitle "EXT 2024"]
[Source "ChessBase"]
[SourceDate "2023.10.10"]
[SourceVersion "1"]
[SourceVersionDate "2023.10.10"]
[SourceQuality "1"]

1. e4 c5 2. Nf3 e6 3. d4 cxd4 4. Nxd4 Nc6 5. Nc3 Nf6 6. Bg5 Be7 7. Qd2 Qa5 8. Nb3 Qb4 9. f3 a6 10. 0-0-0 0-0 11. Be3 Bd8 12. Bc5 1-0